[Event "FRA-chT4 1516"]
[Site "Champagne Ardennes"]
[Date "2015.10.04"]
[Round "1"]
[White "Guyot, Philippe"]
[Black "Masera, Michel"]
[Result "1-0"]
[WhiteElo "1976"]
[BlackElo "1856"]
[PlyCount "39"]
[EventDate "2015.12.06"]
[EventType "team-tourn"]
[EventRounds "7"]
[EventCountry "FRA"]
[SourceTitle "EXT 2024"]
[Source "ChessBase"]
[SourceDate "2023.10.10"]
[SourceVersion "1"]
[SourceVersionDate "2023.10.10"]
[SourceQuality "1"]

1. d4 Nf6 2. Nf3 c5 3. d5 b5 4. Bg5 Qb6 5. Bxf6 Qxf6 6. c3 d6 7. e4 g5 8. Bxb5+ Bd7 9. Qa4 Bxb5 10. Qxb5+ Nd7 11. Na3 g4 12. Nd2 Rb8 13. Qc6 Kd8 14. Nb5 Rc8 15. Qa6 Ne5 16. Nxa7 Rc7 17. 0-0 Bh6 18. Qb6 Nd7 19. Qa5 Ne5 20. Nb5 1-0

[Event "FRA-chT4"]
[Site "France"]
[Date "2013.01.13"]
[Round "?"]
[White "Guyot, Philippe"]
[Black "Defrance, Laurent"]
[Result "1/2-1/2"]
[WhiteElo "1983"]
[BlackElo "2129"]
[PlyCount "57"]
[EventDate "2012.10.24"]
[EventType "team-swiss"]
[EventRounds "9"]
[EventCountry "FRA"]
[SourceTitle "EXT 2014"]
[Source "ChessBase"]
[SourceDate "2013.11.20"]
[SourceVersion "1"]
[SourceVersionDate "2013.11.20"]
[SourceQuality "1"]

1. d4 d5 2. Nf3 Nf6 3. e3 e6 4. Bd3 Be7 5. b3 Nbd7 6. Bb2 b6 7. Nbd2 Bb7 8. 0-0 Ne4 9. a3 0-0 10. Rc1 Bf6 11. Ne5 Nxd2 12. Qxd2 c5 13. f4 cxd4 14. Nxd7 Qxd7 15. Bxd4 Bxd4 16. exd4 f5 17. g3 Qd6 18. a4 a5 19. Rfe1 Rfe8 20. Re5 Bc6 21. Rce1 Bd7 22. Kf2 Rac8 23. h3 g6 24. Rh1 Qa3 25. Ree1 Qd6 26. Re5 Qa3 27. Ree1 Qd6 28. Re5 Qa3 29. Ree1 1/2-1/2

[Event "FRA-ch Accession"]
[Site "Besancon"]
[Date "2006.08.18"]
[Round "4"]
[White "Alanic, Xavier"]
[Black "Guyot, Philippe"]
[Result "1-0"]
[WhiteElo "2202"]
[BlackElo "2303"]
[PlyCount "67"]
[EventDate "2006.08.15"]
[EventType "swiss"]
[EventRounds "10"]
[EventCountry "FRA"]
[SourceTitle "CBM 113 Extra"]
[Source "ChessBase"]
[SourceDate "2006.09.14"]
[SourceVersion "1"]
[SourceVersionDate "2006.09.14"]
[SourceQuality "1"]

1. e4 g6 2. c4 Bg7 3. Nc3 e5 4. g3 d6 5. Bg2 Nc6 6. Nge2 h5 7. h3 Be6 8. d3 Nf6 9. Be3 Nh7 10. Qd2 Nd4 11. f4 c6 12. 0-0 Qd7 13. Kh2 0-0-0 14. Rac1 f5 15. exf5 gxf5 16. Bf2 Rdg8 17. Nxd4 exd4 18. Ne2 h4 19. gxh4 c5 20. Bf3 Nf8 21. b4 Bf6 22. h5 Bf7 23. Ng3 Bh4 24. bxc5 dxc5 25. Rb1 b6 26. Qe2 Rh6 27. Rbe1 Rgh8 28. Nxf5 Re6 29. Qd1 Bxf2 30. Rxf2 Rxe1 31. Qxe1 Bxh5 32. Ne7+ Kd8 33. Nc6+ Kc8 34. Qe5 1-0

[Event "FRA-chT Gp-B"]
[Site "France"]
[Date "2003.02.01"]
[Round "2"]
[White "Guyot, Philippe"]
[Black "Fontaine, Robert"]
[Result "0-1"]
[WhiteElo "2261"]
[BlackElo "2529"]
[PlyCount "98"]
[EventDate "2003.01.31"]
[EventType "team"]
[EventRounds "7"]
[EventCountry "FRA"]
[SourceTitle "CBM 094"]
[Source "ChessBase"]
[SourceDate "2003.05.26"]
[SourceVersion "1"]
[SourceVersionDate "2003.05.26"]
[SourceQuality "1"]
[WhiteTeam "Besancon"]
[BlackTeam "Cannes"]
[WhiteTeamCountry "FRA"]
[BlackTeamCountry "FRA"]

1. e4 c5 2. Nf3 d6 3. Bb5+ Nd7 4. d4 Ngf6 5. Nc3 a6 6. Bxd7+ Nxd7 7. 0-0 e6 8. a4 Be7 9. dxc5 Nxc5 10. Bf4 Qc7 11. Qd2 0-0 12. Rfd1 e5 13. Nd5 Qd8 14. Be3 Nxe4 15. Qb4 Nf6 16. Nxe7+ Qxe7 17. Qxd6 Qxd6 18. Rxd6 Re8 19. Re1 Bd7 20. Bg5 Bxa4 21. b3 Bc6 22. Bxf6 gxf6 23. Rxf6 Rad8 24. Rf5 e4 25. Ne5 Bd7 26. Nxd7 Rxd7 27. Rf4 Rd2 28. g3 e3 29. Rxe3 Rxe3 30. fxe3 Rxc2 31. Rf6 Rb2 32. Rb6 a5 33. Rb5 b6 34. Kf1 Kg7 35. h4 h5 36. Ke1 f6 37. Kd1 Kg6 38. e4 Kf7 39. Kc1 Re2 40. Rxb6 Rxe4 41. Ra6 Re5 42. Ra8 Kg6 43. Kd2 Kf5 44. Ra6 Kg4 45. Rxf6 Kxg3 46. Rb6 Kxh4 47. b4 axb4 48. Rxb4+ Kg3 49. Rb3+ Kf2 0-1

[Event "FRA-chT Gp-B"]
[Site "France"]
[Date "2003.01.31"]
[Round "1.5"]
[White "Vaisser, Anatoli"]
[Black "Guyot, Philippe"]
[Result "1-0"]
[WhiteElo "2563"]
[BlackElo "2261"]
[PlyCount "75"]
[EventDate "2003.01.31"]
[EventType "team"]
[EventRounds "7"]
[EventCountry "FRA"]
[SourceTitle "CBM 094"]
[Source "ChessBase"]
[SourceDate "2003.05.26"]
[SourceVersion "1"]
[SourceVersionDate "2003.05.26"]
[SourceQuality "1"]
[WhiteTeam "Nice"]
[BlackTeam "Besancon"]
[WhiteTeamCountry "FRA"]
[BlackTeamCountry "FRA"]

1. d4 g6 2. e4 Bg7 3. c4 c5 4. d5 d6 5. Nc3 Nf6 6. f4 0-0 7. Nf3 a6 8. a4 e5 9. fxe5 Ng4 10. Bg5 Qb6 11. Qd2 Nxe5 12. a5 Qc7 13. Nxe5 Bxe5 14. Bd3 Nd7 15. 0-0 Bg7 16. Na4 Ne5 17. Nb6 Rb8 18. Rab1 Nd7 19. Nxd7 Bxd7 20. Bf6 Bxf6 21. Rxf6 Rbe8 22. b4 Bc8 23. Rbf1 Re5 24. bxc5 Qxc5+ 25. Qf2 Kg7 26. Qxc5 dxc5 27. R1f4 Bf5 28. Rb6 Bc8 29. h3 f6 30. Kh2 g5 31. Rf2 Rf7 32. Rd6 Rf8 33. g4 Re7 34. Kg3 Re5 35. Bc2 Re7 36. Rb6 Re5 37. Rd2 Rd8 38. Kf3 1-0

[Event "FRA-ch Accession"]
[Site "Val d'Isere"]
[Date "2002.08.22"]
[Round "3"]
[White "Guyot, Philippe"]
[Black "Guidarelli, Laurent"]
[Result "0-1"]
[WhiteElo "2247"]
[BlackElo "2415"]
[PlyCount "52"]
[EventDate "2002.08.20"]
[EventType "swiss"]
[EventRounds "11"]
[EventCountry "FRA"]
[SourceTitle "EXT 2003"]
[Source "ChessBase"]
[SourceDate "2002.11.25"]
[SourceVersion "1"]
[SourceVersionDate "2002.11.25"]
[SourceQuality "1"]

1. e4 c5 2. Nf3 d6 3. c4 e5 4. Nc3 Nc6 5. a3 g6 6. Be2 Bg7 7. 0-0 Nge7 8. b4 b6 9. Nd5 0-0 10. d3 h6 11. Bd2 f5 12. Nxe7+ Qxe7 13. b5 Nd8 14. exf5 gxf5 15. Bc3 Ne6 16. Re1 Bb7 17. a4 e4 18. Bxg7 Qxg7 19. dxe4 fxe4 20. Nh4 Nf4 21. Kh1 Qf6 22. Ra3 Qxh4 23. g3 Nxe2 24. gxh4 e3+ 25. Qd5+ Bxd5+ 26. cxd5 exf2 0-1

[Event "Cannes Carlton op"]
[Site "Cannes"]
[Date "2001.07.31"]
[Round "4"]
[White "Housieaux, David"]
[Black "Guyot, Philippe"]
[Result "1-0"]
[WhiteElo "2307"]
[BlackElo "2237"]
[PlyCount "71"]
[EventDate "2001.07.28"]
[EventType "swiss"]
[EventRounds "6"]
[EventCountry "FRA"]
[SourceTitle "EXT 2005"]
[Source "ChessBase"]
[SourceDate "2004.11.15"]
[SourceVersion "1"]
[SourceVersionDate "2004.11.15"]
[SourceQuality "1"]

1. d4 g6 2. c4 Bg7 3. Nc3 c5 4. d5 Bxc3+ 5. bxc3 f5 6. e4 fxe4 7. f3 e5 8. Qc2 d6 9. Qxe4 Qa5 10. Qe3 Ne7 11. Ne2 Nf5 12. Qd2 0-0 13. h4 Nd7 14. h5 gxh5 15. g4 Ng7 16. gxh5 e4 17. h6 Ne5 18. hxg7 Nd3+ 19. Kd1 Qa4+ 20. Qc2 Nf2+ 21. Ke1 Qxc2 22. gxf8Q+ Kxf8 23. Kxf2 exf3 24. Kxf3 Bg4+ 25. Kxg4 Qe4+ 26. Bf4 Qxh1 27. Ng3 Qg1 28. Rb1 h5+ 29. Kg5 h4 30. Bd3 Qg2 31. Kxh4 b6 32. Bxd6+ Ke8 33. Re1+ Kd7 34. Re7+ Kd8 35. Bf5 Qh2+ 36. Kg5 1-0

[Event "FRA-ch qual"]
[Site "Bescanon"]
[Date "1999.08.22"]
[Round "5"]
[White "Guyot, Philippe"]
[Black "Peltrault, Frederic"]
[Result "1-0"]
[WhiteElo "2322"]
[BlackElo "2196"]
[PlyCount "59"]
[EventDate "1999.08.18"]
[EventType "swiss"]
[EventRounds "11"]
[EventCountry "FRA"]
[SourceTitle "EXT 2000"]
[Source "ChessBase"]
[SourceDate "1999.11.16"]
[SourceVersion "1"]
[SourceVersionDate "1999.11.16"]
[SourceQuality "1"]

1. d4 Nf6 2. g3 c5 3. d5 b5 4. Bg2 Bb7 5. Nh3 g6 6. e4 d6 7. 0-0 Bg7 8. a4 b4 9. a5 0-0 10. Nd2 Ba6 11. Re1 Nbd7 12. f4 Qc7 13. Nf2 Rab8 14. g4 Ne8 15. h4 c4 16. Nf3 c3 17. b3 Nc5 18. Be3 Rb5 19. Nd4 Rxa5 20. Rxa5 Qxa5 21. Nc6 Qb6 22. Nxe7+ Kh8 23. h5 gxh5 24. g5 Nc7 25. Qxh5 Nb5 26. Ng4 Qd8 27. Nf6 Bxf6 28. gxf6 Rg8 29. Bxc5 dxc5 30. Re3 1-0

[Event "FRA-ch qual"]
[Site "Bescanon"]
[Date "1999.08.20"]
[Round "3"]
[White "Guyot, Philippe"]
[Black "Roger, Mehdi"]
[Result "1/2-1/2"]
[WhiteElo "2322"]
[BlackElo "2180"]
[PlyCount "112"]
[EventDate "1999.08.18"]
[EventType "swiss"]
[EventRounds "11"]
[EventCountry "FRA"]
[SourceTitle "EXT 2000"]
[Source "ChessBase"]
[SourceDate "1999.11.16"]
[SourceVersion "1"]
[SourceVersionDate "1999.11.16"]
[SourceQuality "1"]

1. g3 Nf6 2. Bg2 g6 3. e4 d6 4. d4 Bg7 5. Nc3 0-0 6. Nge2 e5 7. h3 c6 8. a4 a5 9. 0-0 Na6 10. b3 Nb4 11. dxe5 dxe5 12. Bd2 Nd7 13. Nb1 Qe7 14. Na3 Rd8 15. Nc1 Nc5 16. Qe2 b6 17. Be3 Ba6 18. Nc4 Qe6 19. Bxc5 bxc5 20. c3 Bxc4 21. bxc4 Na6 22. Nb3 Rdb8 23. Rfb1 Qc8 24. Nxa5 Rxb1+ 25. Rxb1 Nb8 26. Nb7 Rxa4 27. Nxc5 Ra7 28. h4 Bf8 29. Nd3 Qc7 30. Bh3 Ra5 31. h5 Na6 32. Kg2 Nc5 33. Nxc5 Bxc5 34. Rd1 Ra7 35. Rd7 Qb6 36. Qd2 Rxd7 37. Qxd7 Bf8 38. hxg6 hxg6 39. Qe8 Qc5 40. Bd7 Qxc4 41. Qxe5 c5 42. Bc6 Qe6 43. Qc7 Qd6 44. Qc8 Qf6 45. c4 Kg7 46. Bd5 g5 47. Qd7 Be7 48. f3 Kg6 49. Qe8 Kg7 50. Qc8 Qb2+ 51. Kh3 Qf6 52. Kg4 Bd6 53. Qd7 Be7 54. Qe8 Bd6 55. e5 Qxe5 56. Qxf7+ Kh6 1/2-1/2

[Event "Cannes Martinez op"]
[Site "Cannes"]
[Date "1996.??.??"]
[Round "7"]
[White "Coutton, Sylvain"]
[Black "Guyot, Philippe"]
[Result "0-1"]
[WhiteElo "2155"]
[BlackElo "2270"]
[PlyCount "64"]
[EventDate "1996.08.??"]
[EventType "swiss"]
[EventRounds "9"]
[EventCountry "FRA"]
[SourceTitle "EXT 1998"]
[Source "ChessBase"]
[SourceDate "1997.11.17"]
[SourceVersion "1"]
[SourceVersionDate "1997.11.17"]
[SourceQuality "1"]

1. d4 g6 2. c4 Bg7 3. Nc3 c5 4. d5 Bxc3+ 5. bxc3 f5 6. Nf3 d6 7. g3 Qa5 8. Qb3 Nd7 9. Bg2 Ngf6 10. Bh6 Rg8 11. 0-0 Nb6 12. h4 Bd7 13. Nd2 Ba4 14. Qb2 Qa6 15. Rfe1 0-0-0 16. e4 fxe4 17. Bxe4 Nxc4 18. Nxc4 Qxc4 19. Qe2 Qxe2 20. Rxe2 Bb5 21. Ree1 Bc4 22. Rad1 Bxa2 23. Bg2 Rge8 24. Bh3+ Kc7 25. Be6 Bb3 26. Rd2 a5 27. Bf7 a4 28. Bg5 Ng8 29. Bxe8 Rxe8 30. Ra1 b5 31. Kf1 Rf8 32. Kg2 Rf5 0-1

[Event "Cannes Martinez op"]
[Site "Cannes"]
[Date "1996.??.??"]
[Round "5"]
[White "Jaulin, Marc"]
[Black "Guyot, Philippe"]
[Result "1-0"]
[WhiteElo "2150"]
[BlackElo "2270"]
[PlyCount "61"]
[EventDate "1996.08.??"]
[EventType "swiss"]
[EventRounds "9"]
[EventCountry "FRA"]
[SourceTitle "EXT 1998"]
[Source "ChessBase"]
[SourceDate "1997.11.17"]
[SourceVersion "1"]
[SourceVersionDate "1997.11.17"]
[SourceQuality "1"]

1. e4 c5 2. Nf3 e6 3. d4 cxd4 4. Nxd4 a6 5. Bd3 Nf6 6. 0-0 d6 7. c4 g6 8. Nc3 Bg7 9. b3 0-0 10. Bb2 Nbd7 11. Qd2 b6 12. Rae1 Bb7 13. Bb1 Qc7 14. f4 e5 15. Nf3 Bh6 16. Ng5 exf4 17. Nh3 Nh5 18. g3 Ndf6 19. Nd5 Nxd5 20. cxd5 Qc5+ 21. Kh1 f5 22. Nxf4 Nxf4 23. gxf4 fxe4 24. Bxe4 Rae8 25. Rc1 Rxe4 26. Rxc5 dxc5 27. Qd3 Rf5 28. Kg1 Bxd5 29. Be5 Rfxe5 30. fxe5 Rd4 31. Qh3 1-0

[Event "Cannes Martinez op"]
[Site "Cannes"]
[Date "1995.??.??"]
[Round "3"]
[White "Guyot, Philippe"]
[Black "De Lagontrie, Jean"]
[Result "1-0"]
[WhiteElo "2245"]
[BlackElo "2085"]
[PlyCount "66"]
[EventDate "1995.07.??"]
[EventType "swiss"]
[EventRounds "9"]
[EventCountry "FRA"]
[SourceTitle "EXT 1998"]
[Source "ChessBase"]
[SourceDate "1997.11.17"]
[SourceVersion "1"]
[SourceVersionDate "1997.11.17"]
[SourceQuality "1"]

1. e4 c5 2. Nf3 Nc6 3. d4 cxd4 4. Nxd4 Nf6 5. Nc3 e5 6. Ndb5 d6 7. Nd5 Nxd5 8. exd5 Nb8 9. Qf3 Be7 10. Qc3 Na6 11. Be3 0-0 12. Nxa7 Nc5 13. Nxc8 Rxc8 14. 0-0-0 f5 15. f3 Bf6 16. Qb4 Rf7 17. Kb1 b6 18. Bb5 Ra8 19. h3 Ra5 20. g4 f4 21. Bd2 Rfa7 22. a3 e4 23. fxe4 Nxe4 24. Qxe4 Rxb5 25. Bb4 Be7 26. Rd3 Qa8 27. Qc4 Rc5 28. Bxc5 bxc5 29. Rb3 Rb7 30. Rf1 Rxb3 31. Qxb3 h6 32. c4 Qd8 33. a4 Qa5 1-0

[Event "Cannes Martinez op"]
[Site "Cannes"]
[Date "1995.??.??"]
[Round "5"]
[White "Guyot, Philippe"]
[Black "Prie, Eric"]
[Result "1-0"]
[WhiteElo "2245"]
[BlackElo "2480"]
[PlyCount "127"]
[EventDate "1995.07.??"]
[EventType "swiss"]
[EventRounds "9"]
[EventCountry "FRA"]
[SourceTitle "EXT 1998"]
[Source "ChessBase"]
[SourceDate "1997.11.17"]
[SourceVersion "1"]
[SourceVersionDate "1997.11.17"]
[SourceQuality "1"]

1. e4 d5 2. Nc3 dxe4 3. Nxe4 Qd5 4. Nc3 Qa5 5. d4 c6 6. g3 Nf6 7. Bg2 g6 8. Nge2 Bg7 9. 0-0 0-0 10. Nf4 Rd8 11. Qe2 e6 12. Rd1 Qc7 13. Qc4 Nbd7 14. Nxe6 fxe6 15. Nb5 Nb6 16. Nxc7 Nxc4 17. Nxa8 Bd7 18. Nc7 Rc8 19. Bf1 Nd6 20. Bf4 Bf8 21. c4 Nh5 22. Be5 Nf7 23. Bh3 Ng5 24. Bg4 Ng7 25. d5 cxd5 26. cxd5 h5 27. Nxe6 hxg4 28. Nxg5 Nf5 29. Rac1 Re8 30. Re1 Bh6 31. Bf4 Rxe1+ 32. Rxe1 Nd4 33. Re7 Bb5 34. Ne6 Nf3+ 35. Kg2 Ne1+ 36. Kg1 Nf3+ 37. Kg2 Ne1+ 38. Kh1 Bc4 39. Bxh6 Bxd5+ 40. Kg1 Nf3+ 41. Kf1 Bc4+ 42. Kg2 Ne1+ 43. Kh1 Bd5+ 44. Kg1 Nf3+ 45. Kh1 Nd4+ 46. f3 Nf5 47. Rc7 gxf3 48. Kg1 Bxe6 49. Bf4 Bd5 50. Kf2 Ng7 51. Rd7 Bc6 52. Rd6 Kf7 53. Be5 Ne6 54. Rxc6 bxc6 55. Kxf3 Ng5+ 56. Kf4 Nh3+ 57. Kg4 Nf2+ 58. Kg5 Ne4+ 59. Kf4 Nd2 60. h4 Ke6 61. Bd4 a5 62. g4 Kd5 63. h5 gxh5 64. gxh5 1-0

[Event "FRA-chT1 9495"]
[Site "Montpellier"]
[Date "1994.04.??"]
[Round "?"]
[White "Guyot, Philippe"]
[Black "Schall, Alain"]
[Result "1-0"]
[WhiteElo "2280"]
[BlackElo "2250"]
[PlyCount "29"]
[EventDate "1994.04.??"]
[EventType "team-tourn"]
[EventRounds "16"]
[EventCountry "FRA"]
[SourceTitle "EXT 2015"]
[Source "ChessBase"]
[SourceDate "2014.11.20"]
[SourceVersion "1"]
[SourceVersionDate "2014.11.20"]
[SourceQuality "1"]

1. e4 c5 2. Nf3 a6 3. b4 d5 4. exd5 cxb4 5. a3 Qxd5 6. axb4 Bg4 7. Nc3 Qe6+ 8. Qe2 Qf5 9. Nb5 Bxf3 10. Qe3 Qd7 11. Qb6 Qf5 12. Ra3 Qxc2 13. gxf3 Qxc1+ 14. Ke2 axb5 15. Rxa8 1-0

[Event "FRA-chT"]
[Site "France"]
[Date "1994.??.??"]
[Round "4"]
[White "Guyot, Philippe"]
[Black "Boudre, Jean Pierre"]
[Result "0-1"]
[WhiteElo "2290"]
[BlackElo "2390"]
[PlyCount "84"]
[EventDate "1994.??.??"]
[EventType "team"]
[EventRounds "11"]
[EventCountry "FRA"]
[SourceTitle "EXT 1999"]
[Source "ChessBase"]
[SourceDate "1998.11.16"]
[SourceVersion "1"]
[SourceVersionDate "1998.11.16"]
[SourceQuality "1"]

1. e4 e5 2. Nf3 Nc6 3. Nc3 Nf6 4. g3 Bc5 5. Bg2 d6 6. d3 a6 7. 0-0 0-0 8. h3 h6 9. Be3 Bxe3 10. fxe3 Ne7 11. Nh4 c6 12. Kh2 Ng6 13. Nxg6 fxg6 14. a4 a5 15. Qd2 Be6 16. Ne2 Qb6 17. c4 Rf7 18. Nc3 Raf8 19. Rae1 g5 20. Rb1 Nd7 21. Rxf7 Rxf7 22. b3 Nc5 23. Qd1 Na6 24. d4 Qc7 25. Qe2 Nb4 26. Rd1 Qe7 27. Rd2 Rf6 28. Qd1 Qf7 29. Kg1 h5 30. dxe5 dxe5 31. Rd8+ Kh7 32. Ra8 Rf2 33. Ne2 h4 34. gxh4 gxh4 35. Qe1 Nd3 36. Qxa5 Rxg2+ 37. Kxg2 Qf2+ 38. Kh1 Qf3+ 39. Kg1 Qxe3+ 40. Kh1 Qxe4+ 41. Kg1 Qe3+ 42. Kh1 Qf3+ 0-1

[Event "FRA-ch Accession"]
[Site "Chambery"]
[Date "1994.??.??"]
[Round "4"]
[White "Pytel, Krzysztof"]
[Black "Guyot, Philippe"]
[Result "1/2-1/2"]
[WhiteElo "2500"]
[BlackElo "2245"]
[PlyCount "52"]
[EventDate "1994.??.??"]
[EventType "swiss"]
[EventRounds "11"]
[EventCountry "FRA"]
[SourceTitle "EXT 2004"]
[Source "ChessBase"]
[SourceDate "2003.11.25"]
[SourceVersion "1"]
[SourceVersionDate "2003.11.25"]
[SourceQuality "1"]

1. Nf3 e6 2. d4 c5 3. e3 Nf6 4. Bd3 b6 5. 0-0 Bb7 6. Nbd2 Be7 7. c3 0-0 8. e4 cxd4 9. cxd4 Ba6 10. Bxa6 Nxa6 11. Qe2 Qc8 12. e5 Nd5 13. Ne4 Nab4 14. Bg5 f6 15. exf6 Nxf6 16. Bxf6 gxf6 17. Nc3 Qc6 18. Rac1 Rfc8 19. d5 Nxd5 20. Nd4 Qc4 21. Qxc4 Rxc4 22. Nxd5 exd5 23. Nf5 Rxc1 24. Rxc1 Bc5 25. a3 a5 26. Ne3 Re8 1/2-1/2

[Event "FRA-ch Fide"]
[Site "Nantes"]
[Date "1993.08.27"]
[Round "10"]
[White "Guyot, Philippe"]
[Black "Bruneau, Laurent"]
[Result "0-1"]
[WhiteElo "2295"]
[BlackElo "2260"]
[PlyCount "106"]
[EventDate "1993.08.??"]
[EventType "swiss"]
[EventRounds "11"]
[EventCountry "FRA"]
[SourceTitle "EXT 2004"]
[Source "ChessBase"]
[SourceDate "2003.11.25"]
[SourceVersion "1"]
[SourceVersionDate "2003.11.25"]
[SourceQuality "1"]

1. e4 c5 2. Nf3 e6 3. d4 cxd4 4. Nxd4 a6 5. Bd3 Qc7 6. 0-0 Nc6 7. Nxc6 bxc6 8. Nd2 d5 9. f4 Bd6 10. Qg4 g6 11. Qh4 Qe7 12. Qe1 f5 13. exf5 gxf5 14. Nf3 Nf6 15. Kh1 c5 16. c4 Ne4 17. Bc2 Bd7 18. Qd1 d4 19. Ba4 0-0 20. Bxd7 Qxd7 21. Ne1 Qc6 22. Nd3 Ra7 23. Qf3 a5 24. Re1 Rf6 25. Re2 Rg6 26. Bd2 a4 27. Rae1 Rag7 28. Kg1 Qb7 29. Rc1 Rg4 30. Rf1 Qf7 31. Be1 Qg6 32. Rc2 Qh6 33. Re2 Qf6 34. Rc2 Qd8 35. Rcf2 Qc7 36. Kh1 R4g6 37. Qh5 Qf7 38. Qf3 Rh6 39. Kg1 Rhg6 40. Kh1 Rg4 41. Rc2 Qc7 42. g3 Qb7 43. Rg2 h5 44. h3 R4g6 45. Kh2 Rh6 46. Qd1 Qc6 47. Rfg1 Nf6 48. Rf1 h4 49. g4 fxg4 50. hxg4 h3 51. Rg3 Nxg4+ 52. Rxg4 Qg2+ 53. Rxg2 hxg2+ 0-1

[Event "FRA-ch Fide"]
[Site "Nantes"]
[Date "1993.08.22"]
[Round "6"]
[White "Guyot, Philippe"]
[Black "Parmentier, Xavier"]
[Result "1-0"]
[WhiteElo "2295"]
[BlackElo "2225"]
[PlyCount "59"]
[EventDate "1993.08.??"]
[EventType "swiss"]
[EventRounds "11"]
[EventCountry "FRA"]
[SourceTitle "EXT 2004"]
[Source "ChessBase"]
[SourceDate "2003.11.25"]
[SourceVersion "1"]
[SourceVersionDate "2003.11.25"]
[SourceQuality "1"]

1. e4 c5 2. Nf3 Nc6 3. d4 cxd4 4. Nxd4 g6 5. c4 Nf6 6. Nc3 d6 7. Be2 Nxd4 8. Qxd4 Bg7 9. Bd2 0-0 10. 0-0 Bd7 11. Kh1 Bc6 12. Qe3 a5 13. Rad1 Nd7 14. b3 Nc5 15. f4 Bxc3 16. Bxc3 Nxe4 17. Ba1 f5 18. c5 Kf7 19. Qd4 Rg8 20. cxd6 exd6 21. Bc4+ d5 22. Qe5 Qd6 23. Rxd5 Bxd5 24. Bxd5+ Kf8 25. Bxe4 Qxe5 26. fxe5 Ke7 27. Bxb7 Ra7 28. Bd5 Rd8 29. Bc4 a4 30. Bc3 1-0

[Event "FRA"]
[Site "France"]
[Date "1993.??.??"]
[Round "?"]
[White "Andersson, Ulf"]
[Black "Guyot, Philippe"]
[Result "1-0"]
[WhiteElo "2625"]
[BlackElo "2295"]
[PlyCount "59"]
[EventDate "1993.??.??"]
[EventType "team"]
[EventRounds "11"]
[EventCountry "FRA"]
[SourceTitle "TD"]
[Source "ChessBase"]
[SourceDate "1994.03.01"]
[SourceVersion "1"]
[SourceVersionDate "1994.03.01"]
[SourceQuality "1"]

1. d4 Nf6 2. Nf3 e6 3. g3 d5 4. Bg2 c5 5. 0-0 Nc6 6. c4 dxc4 7. Ne5 Nxe5 8. dxe5 Nd5 9. Na3 c3 10. bxc3 Nxc3 11. Qc2 Nd5 12. Rd1 Bd7 13. Nc4 Qc8 14. Bb2 Be7 15. Nd6+ Bxd6 16. exd6 0-0 17. Bxd5 exd5 18. Rxd5 b6 19. Bxg7 Kxg7 20. Rg5+ Kh8 21. Rh5 Bf5 22. Rxf5 Qe6 23. Rd1 Rad8 24. Rfd5 Rd7 25. e4 f6 26. f4 Re8 27. e5 f5 28. a4 Rg8 29. Qc4 h5 30. Rxc5 1-0

[Event "FRA"]
[Site "France"]
[Date "1993.??.??"]
[Round "?"]
[White "Guyot, Philippe"]
[Black "Boulard, Eric"]
[Result "0-1"]
[WhiteElo "2295"]
[BlackElo "2255"]
[PlyCount "118"]
[EventDate "1993.??.??"]
[EventType "team"]
[EventRounds "11"]
[EventCountry "FRA"]
[SourceTitle "TD"]
[Source "ChessBase"]
[SourceDate "1994.03.01"]
[SourceVersion "1"]
[SourceVersionDate "1994.03.01"]
[SourceQuality "1"]

1. e4 Nf6 2. Nc3 d5 3. exd5 Nxd5 4. g3 e6 5. Bg2 Be7 6. Nf3 0-0 7. 0-0 b6 8. a4 Bb7 9. a5 c5 10. Qe2 Nb4 11. d3 N8c6 12. axb6 axb6 13. Bf4 Nd4 14. Nxd4 Bxg2 15. Kxg2 Qxd4 16. Be5 Qd7 17. Kg1 Nc6 18. Qe4 Rxa1 19. Rxa1 f6 20. Bf4 Nd4 21. Rc1 g5 22. Be3 f5 23. Qg2 g4 24. Bxd4 cxd4 25. Ne2 Rc8 26. f3 Bg5 27. f4 Bf6 28. Kf1 Qa7 29. Ke1 Rc7 30. Kd1 Qa2 31. b3 Kf7 32. Qh1 h5 33. Qg2 Kg6 34. Qh1 Kg7 35. Qg1 Rd7 36. Qg2 Rd5 37. h4 Kf7 38. Qg1 Kg6 39. Qe1 Be7 40. Nxd4 Rd6 41. Nb5 Rxd3+ 42. cxd3 Qxb3+ 43. Rc2 Qxd3+ 44. Kc1 Qxb5 45. Qxe6+ Bf6 46. Rc6 Qb2+ 47. Kd1 Qb1+ 48. Kd2 Qb2+ 49. Kd1 Qb1+ 50. Kd2 Qb2+ 51. Rc2 Qd4+ 52. Ke2 Qg1 53. Rc6 Qg2+ 54. Kd3 Qxg3+ 55. Kc4 b5+ 56. Kxb5 Qd3+ 57. Kc5 Qd8 58. Rc8 Qa5+ 59. Kc4 Qa2+ 0-1